LAW OF DEFAMATION & MALICIOUS PROSECUTION CIVIL AND CRIMINAL WITH MODEL FORMS OF PLAINTS AND DEFENCES AND ALLIED LEGISLATIONS (Record no. 9764)

MARC details
000 -LEADER
fixed length control field 00415nam a22001457a 4500
003 - CONTROL NUMBER IDENTIFIER
control field SGT
082 ## - DEWEY DECIMAL CLASSIFICATION NUMBER
Classification number 345.50420954,MIT
100 ## - MAIN ENTRY--PERSONAL NAME
Personal name MITTER,V
245 ## - TITLE STATEMENT
Title LAW OF DEFAMATION & MALICIOUS PROSECUTION CIVIL AND CRIMINAL WITH MODEL FORMS OF PLAINTS AND DEFENCES AND ALLIED LEGISLATIONS
250 ## - EDITION STATEMENT
Edition statement 13TH
260 ## - PUBLICATION, DISTRIBUTION, ETC. (IMPRINT)
Place of publication, distribution, etc NEW DELHI
Name of publisher, distributor, etc UNIVERSAL BOOKS
Year of Publication 2014
300 ## - PAGE DESCRIPTION
No. of Pages 638
650 ## - SUBJECT ADDED ENTRY--TOPICAL TERM
Topical term or geographic name as entry element CRIMINAL LAW
942 ## - ADDED ENTRY ELEMENTS (KOHA)
Source of classification or shelving scheme Dewey Decimal Classification
Koha item type Books
942 ## - ADDED ENTRY ELEMENTS (KOHA)
-- 3
Holdings
Withdrawn status Lost status Source of classification or shelving scheme Damaged status Not for loan Collection code Home library Current library Shelving location Date acquired Vendor Name Cost, normal purchase price SGTU Bill Number Total Checkouts Full call number Accession No. (Barcode) Date last seen Date last borrowed Bill Date Koha item type
    Dewey Decimal Classification     LAW SGT Science & Social Sciences Library SGT Science & Social Sciences Library Text Book 02/08/2016 JUPITER LAW HOUSE 895.00 SGTU 856 3 345.50420954,MIT FL401 18/04/2024 18/04/2024 31/10/2014 Books
    Dewey Decimal Classification   Not For Loan LAW SGT Science & Social Sciences Library SGT Science & Social Sciences Library Reference Book 02/08/2016 JUPITER LAW HOUSE 895.00 SGTU 856   345.50420954,MIT FL402 02/08/2016   31/10/2014 Books